[Event "22nd ch-NATO"]
[Site "Kaunas LTU"]
[Date "2011.08.10"]
[Round "4.18"]
[White "Lutz,B"]
[Black "Narman,G"]
[Result "1-0"]
[WhiteElo "2318"]
[BlackElo "2057"]

1.d4 Nf6 2.c4 e6 3.Nf3 Bb4+ 4.Bd2 Qe7 5.g3 Nc6 6.Nc3 Bxc3 7.Bxc3 Ne4 8.Rc1 Nxc3
9.Rxc3 d6 10.Bg2 O-O 11.O-O a5 12.Qd2 Rb8 13.d5 Nd8 14.Nd4 e5 15.Nb5 b6 16.f4 f6
17.f5 Nf7 18.Re3 Qd7 19.Nc3 Nh6 20.Be4 Ba6 21.Bd3 Kf7 22.h3 Ke7 23.Ref3 Bb7
24.g4 Nf7 25.Bc2 Rbd8 26.Ba4 Qc8 27.Nb5 h5 28.Re3 c5 29.Na7 Qc7 30.Rg3 Rh8
31.Nb5 Qd7 32.g5 Rdg8 33.h4 Qc8 34.Nc3 Ba6 35.b3 Qc7 36.Ne4 Bc8 37.Kh2 Rf8
38.gxf6+ gxf6 39.Rg6 Rhg8 40.Nxf6 Rh8 41.Ne4 Kd8 42.Nxd6 Qe7 43.Nxf7+ Rxf7
44.Qg5 Qxg5 45.Rxg5 Ke7 46.e4 Bd7 47.Bxd7 Kxd7 48.Rg6 Kc7 49.Rfg1 a4 50.Rg7 Rf8
51.bxa4 Kb7 52.Rxf7+ Rxf7 53.Rg8 Ka6 54.Ra8+ Kb7 55.Re8 Rg7 56.f6  1-0

[Event "XX TCh-MKD"]
[Site "Struga MKD"]
[Date "2011.08.11"]
[Round "4"]
[White "Bogdanovski,V"]
[Black "Damceski,M"]
[Result "1-0"]
[WhiteElo "2411"]
[BlackElo "2060"]

1.d4 Nf6 2.Nf3 e6 3.c4 Bb4+ 4.Bd2 Qe7 5.g3 Ne4 6.Bg2 Nc6 7.O-O Bxd2 8.Nbxd2 Nxd2
9.Qxd2 d6 10.Rac1 O-O 11.c5 e5 12.cxd6 cxd6 13.d5 Nb8 14.Qe3 Na6 15.Nd2 f5
16.Nc4 f4 17.Qa3 Nc5 18.Nxd6 Qxd6 19.Qxc5 Qh6 20.d6 Bh3 21.Qxe5 Bxg2 22.Kxg2 Rad8
23.Qd5+ Kh8 24.d7 Qg6 25.Rc3 b6 26.Rfc1 Qg4 27.Rc8 Qxe2 28.Rxd8 f3+ 29.Kg1 Rxd8
30.Qg5  1-0

[Event "XX TCh-MKD"]
[Site "Struga MKD"]
[Date "2011.08.11"]
[Round "4"]
[White "Stamenkov,V"]
[Black "Kosic,D"]
[Result "0-1"]
[WhiteElo "2341"]
[BlackElo "2483"]

1.d4 Nf6 2.Nf3 e6 3.c4 Bb4+ 4.Bd2 a5 5.e3 b6 6.Bd3 Bb7 7.O-O O-O 8.Nc3 d6
9.a3 Bxc3 10.Bxc3 Ne4 11.Be1 f5 12.Nd2 Qg5 13.f4 Qg6 14.Nxe4 Bxe4 15.Bxe4 fxe4
16.b4 axb4 17.axb4 Nd7 18.Bc3 b5 19.cxb5 Nb6 20.Rxa8 Rxa8 21.Qb3 d5 22.Rc1 Nc4
23.Bb2 Qh5 24.Re1 Qe8 25.b6 cxb6 26.b5 Ra5 27.Bc3 Qxb5 28.Qxb5 Rxb5 29.Kf2 Rb3
30.Rc1 b5 31.Rc2 Nxe3 32.Kxe3 b4  0-1

[Event "50th World Juniors"]
[Site "Chennai IND"]
[Date "2011.08.12"]
[Round "10.21"]
[White "Goganov,A"]
[Black "Sapozhnikov,R"]
[Result "1-0"]
[WhiteElo "2489"]
[BlackElo "2295"]

1.d4 Nf6 2.c4 e6 3.Nf3 Bb4+ 4.Bd2 Qe7 5.g3 Nc6 6.Bg2 Bxd2+ 7.Nbxd2 O-O 8.O-O d6
9.e4 e5 10.d5 Nb8 11.Ne1 a5 12.Nd3 Na6 13.Qc2 Bd7 14.f4 Ng4 15.Rae1 f6 16.h3 Nh6
17.Qc3 Nf7 18.b3 c6 19.a4 Qd8 20.fxe5 Nxe5 21.Nxe5 fxe5 22.Rxf8+ Kxf8 23.c5 Nxc5
24.Nc4 Qe7 25.dxc6 Bxc6 26.Nxa5 Qc7 27.Nxc6 bxc6 28.Qc4 Ke7 29.Kh2 Qb6 30.Rf1 Rf8
31.a5 Qxa5 32.b4 Qa6 33.Rc1 Qxc4 34.Rxc4 Nd7 35.Rxc6 Rf2 36.Rc7 Rb2 37.Rb7 g5
38.Kg1 Rb1+ 39.Kf2 Rb2+ 40.Kf3 Rb1 41.Kg4 h6 42.h4 gxh4 43.gxh4 Ke6 44.Kh5 Nc5
45.Rb6 Nd3 46.Kxh6 Nf4 47.Bf3 Rg1 48.h5 Rg3 49.Bd1 Re3 50.Bg4+ Ke7 51.Kg5 Nxh5
52.Rb7+ Kd8 53.Kxh5 Rxe4 54.Kg5 Rf4 55.b5 Rb4 56.b6 d5 57.Bf5 e4 58.Kf6 Rb5  1-0

[Event "20th ZMDI Open A"]
[Site "Dresden GER"]
[Date "2011.08.12"]
[Round "7.12"]
[White "Friedel,J"]
[Black "Hoffmann,Pau"]
[Result "0-1"]
[WhiteElo "2531"]
[BlackElo "2329"]

1.d4 e6 2.Nf3 Nf6 3.c4 Bb4+ 4.Bd2 Qe7 5.g3 Nc6 6.Nc3 Bxc3 7.Bxc3 Ne4 8.Rc1 O-O
9.Bg2 d6 10.d5 Nd8 11.O-O Nxc3 12.Rxc3 e5 13.c5 dxc5 14.Qc2 c6 15.Rd1 cxd5
16.Rxd5 Nc6 17.Rdxc5 f6 18.e3 Be6 19.a3 Rad8 20.Ne1 Rd7 21.Be4 h6 22.Nf3 Rfd8
23.Bh7+ Kf8 24.Bf5 Rd1+ 25.Kg2 Bxf5 26.Qxf5 Qd7 27.Qe4 Ra1 28.g4 Qd1 29.Kg3 Qh1
30.Rd5 Rg1+ 31.Kh4 Rxd5 32.Qxd5 Rxg4+ 33.Kh5 g6+ 34.Kxh6 Rh4+ 35.Nxh4 Qxd5
36.Nxg6+ Kf7  0-1

[Event "10th Lichtenberger Sommer"]
[Site "Berlin GER"]
[Date "2011.08.13"]
[Round "1.83"]
[White "Muskewitz,B"]
[Black "Stiewe,Frank"]
[Result "1-0"]
[WhiteElo "1998"]
[BlackElo "1696"]

1.d4 Nf6 2.c4 e6 3.Nf3 Bb4+ 4.Bd2 Bxd2+ 5.Nbxd2 O-O 6.e3 b6 7.Be2 Bb7 8.b4 d6
9.O-O Nbd7 10.Qb3 Qe7 11.Nb1 Rfd8 12.Nc3 c6 13.Rfd1 Rab8 14.Qc2 c5 15.a3 cxd4
16.exd4 Ne8 17.Nd2 f5 18.Bf3 Bxf3 19.Nxf3 Ndf6 20.Re1 Qc7 21.Qe2 e5 22.dxe5 dxe5
23.Nb5 Qd7 24.Nxe5 Qb7 25.Rad1 Rdc8 26.Nd7 Nxd7 27.Qe6+ Kh8 28.Rxd7 Qa8 29.Qf7  1-0

[Event "CECLUB Div2 Gp2"]
[Site "Totana ESP"]
[Date "2011.08.13"]
[Round "4"]
[White "Angel Acosta,J"]
[Black "Rudolf,An"]
[Result "1/2-1/2"]
[WhiteElo "2197"]
[BlackElo "2355"]

1.d4 e6 2.c4 Nf6 3.Nf3 Bb4+ 4.Bd2 a5 5.g3 b6 6.Bg2 Bb7 7.O-O O-O 8.Bg5 Be7
9.Nc3 d6 10.Qc2 h6 11.Bxf6 Bxf6 12.Ng5 Bxg5 13.Bxb7 Ra7 14.Bg2 c6 15.Rad1 Qe7
16.Qa4 Rc8 17.Kh1 d5 18.e4 dxe4 19.Nxe4 Rac7 20.a3 Bf6 21.Qb3 Nd7 22.Rfe1 g6
23.Bh3 Bg7 24.Kg1 Rb8 25.Qc2 Nf6 26.Nc3 Qd8 27.Qe2 Kh7 28.Rd2 Rd7 29.Red1 Qc7
30.Bg2 Rbd8 31.Qf3 Rd6 32.b4 axb4 33.axb4 Ne8 34.Qe3 R6d7 35.Ne4 Nd6 36.Nxd6 Qxd6
37.c5 bxc5 38.bxc5 Qc7 39.h4 h5 40.Be4 e5 41.dxe5 Rxd2 42.Rxd2 Rxd2 43.Qxd2 Qxe5
44.Qe3 Kg8 45.Bxc6  1/2-1/2

[Event "e2e4 Int Masters D"]
[Site "Sunningdale ENG"]
[Date "2011.08.14"]
[Round "9"]
[White "Sturt,R"]
[Black "Straka,Jos"]
[Result "1/2-1/2"]
[WhiteElo "2231"]
[BlackElo "2305"]

1.d4 Nf6 2.c4 e6 3.Nf3 Bb4+ 4.Bd2 Qe7 5.g3 Nc6 6.Nc3 Bxc3 7.Bxc3 Ne4 8.Rc1 O-O
9.Bg2 d6 10.O-O Nxc3 11.Rxc3 e5 12.d5 Nd8 13.b4 f5 14.Nd2 f4 15.Qc2 Nf7 16.c5 Bd7
17.Rc1 Rfc8 18.a4 Qe8 19.a5 fxg3 20.hxg3 Ng5 21.Ne4 Nxe4 22.Bxe4 g6 23.a6 bxa6
24.c6 Bg4 25.f3 Bf5 26.Bxf5 gxf5 27.Qxf5 Qg6 28.Qxg6+ hxg6 29.Ra1 Rcb8 30.Rxa6 Rxb4
31.Rca3 Rd4 32.Rxa7 Rxa7 33.Rxa7 Rxd5 34.Rxc7 Rc5 35.Kg2 d5 36.Kh3 Rc4 37.Rd7 Rxc6
38.Rxd5 e4 39.Rd7 exf3 40.exf3 Rc4 41.g4 Rc3 42.Kg3 Rc4 43.Kh4 Rc5 44.f4 Rb5
45.Re7 Ra5 46.Re5 Ra7 47.Kg5 Kg7 48.Rd5 Rb7 49.Rd3 Rb5+ 50.Kh4 Rb7 51.Kg3 Ra7
52.Kf3 Re7 53.Rd6 Kf7 54.Rc6 Kg7 55.Rc5 Kf7 56.Ra5 Kg7 57.Re5 Ra7 58.Re3 Rb7
59.Rd3 Re7  1/2-1/2

[Event "XLV Mislata GM"]
[Site "Mislata ESP"]
[Date "2011.08.15"]
[Round "1"]
[White "Perez Manas,B"]
[Black "Garcia Roman,D"]
[Result "1/2-1/2"]
[WhiteElo "2298"]
[BlackElo "2427"]

1.d4 Nf6 2.c4 e6 3.Nf3 Bb4+ 4.Bd2 c5 5.e3 O-O 6.Bd3 Bxd2+ 7.Qxd2 cxd4 8.exd4 b6
9.O-O Bb7 10.Qf4 Nc6 11.Nc3 d5 12.cxd5 Nb4 13.Rfd1 Nbxd5 14.Qg3 Nxc3 15.bxc3 Rc8
16.Ne5 Qc7 17.Rac1 Rfd8 18.h3 Kf8 19.Qh4 h6 20.Bb1 Nd7 21.Nxd7+ Rxd7 22.Be4 Kg8
23.Bxb7 Qxb7 24.Rd3 Kh7 25.Re1 Rd5 26.Qe4+ Kg8 27.Rg3 Qc6 28.Qf4 Rg5 29.Ree3 Qc7
30.Qh4 Qd8 31.Qf4 Qc7 32.Qh4 Qd8 33.Qf4 Qd5 34.h4 Qf5 35.Qd6 Rxg3 36.Rxg3 Qb1+
37.Kh2 Qe4 38.f4 Qf5 39.Qe5 Qxe5 40.fxe5 Rc4 41.Rd3 b5 42.Kg1 Kf8 43.Kf2 Ra4
44.Rd2 Ke7 45.Ke2 f6 46.exf6+ gxf6 47.Kd1 Rc4 48.Rd3 Ra4 49.Rd2 Kd6 50.Kc1 f5
51.Kb2 Rc4 52.a3 Rc8 53.Kb3 a6 54.Rd3 a5 55.a4 bxa4+ 56.Kxa4 Rg8 57.g3 Rg4
58.Kxa5 Kd5 59.Re3 Re4 60.Rf3 Re1 61.Kb6 Ke4 62.Rf4+ Kd5 63.Rf3 Ke4  1/2-1/2

[Event "6th Ptuj Open"]
[Site "Ptuj SLO"]
[Date "2011.08.16"]
[Round "7"]
[White "Vujec,I"]
[Black "Jezidzic,G"]
[Result "1/2-1/2"]
[WhiteElo "2063"]
[BlackElo "2216"]

1.d4 Nf6 2.c4 e6 3.Nf3 Bb4+ 4.Bd2 a5 5.g3 O-O 6.Bg2 d5 7.a3 Be7 8.cxd5 exd5
9.O-O Ne4 10.Nc3 Nxd2 11.Nxd2 c6 12.e4 dxe4 13.Ndxe4 Bf5 14.d5 Bxe4  1/2-1/2

[Event "10th Lichtenberger Sommer"]
[Site "Berlin GER"]
[Date "2011.08.17"]
[Round "5.17"]
[White "Hein,C"]
[Black "Major,Vitalij"]
[Result "1/2-1/2"]
[WhiteElo "2182"]
[BlackElo "2112"]

1.d4 Nf6 2.Nf3 e6 3.c4 Bb4+ 4.Bd2 Be7 5.Nc3 d5 6.Qc2 O-O 7.e3 Nbd7 8.Bd3 dxc4
9.Bxc4 c5 10.dxc5 Bxc5 11.O-O a6 12.Bb3 b5 13.Ne4 Nxe4 14.Qxe4 Rb8 15.Bc3 b4
16.Be5 Bb7 17.Qf4 Nxe5 18.Qxe5 Bd6 19.Qh5 Qf6 20.Rad1 Rbd8 21.Rd4 Bxf3 22.Qxf3 Qxf3
23.gxf3 a5 24.Rfd1 Be7 25.Rd7 Bf6 26.Rxd8 Rxd8 27.Rxd8+ Bxd8  1/2-1/2

[Event "10th Lichtenberger Sommer"]
[Site "Berlin GER"]
[Date "2011.08.17"]
[Round "5.11"]
[White "Kirchhof,A"]
[Black "Kapp,M"]
[Result "1/2-1/2"]
[WhiteElo "2048"]
[BlackElo "2209"]

1.d4 Nf6 2.c4 e6 3.Nf3 Bb4+ 4.Bd2 Be7 5.Nc3 d5 6.Bg5 Nbd7 7.e3 c6 8.Rc1 O-O
9.Bd3 h6 10.Bh4 dxc4 11.Bxc4 Nd5 12.Bxe7 Qxe7 13.O-O Nxc3 14.Rxc3 e5 15.e4 exd4
16.Qxd4 b5 17.Bd3 c5 18.Qd5 Rb8 19.Bb1 b4 20.Rcc1 Ba6 21.Rfe1 c4 22.Nd4 Ne5
23.f4 Nd3 24.Nc6 Qc7 25.Bxd3 Qb6+ 26.Kh1 cxd3 27.Nxb8 Qxb8 28.Red1  1/2-1/2

[Event "6th Ptuj Open"]
[Site "Ptuj SLO"]
[Date "2011.08.17"]
[Round "8"]
[White "Vujec,I"]
[Black "Krumpacnik,D"]
[Result "0-1"]
[WhiteElo "2063"]
[BlackElo "2360"]

1.d4 Nf6 2.c4 e6 3.Nf3 Bb4+ 4.Bd2 Qe7 5.g3 Bxd2+ 6.Nbxd2 d6 7.Bg2 e5 8.dxe5 dxe5
9.e4 Bg4 10.O-O O-O 11.h3 Bxf3 12.Qxf3 Nc6 13.Nb3 a5 14.a4 Rfd8 15.g4 Nd4
16.Nxd4 Rxd4 17.Qe2 Rad8 18.Rad1 h6 19.Rxd4 Rxd4 20.f4 Nd7 21.b3 Qd6 22.g5 exf4
23.Qg4 hxg5 24.Qxg5 Qc5 25.Qg4 f3 26.Qxf3 Rd3+ 27.Qf2 Rxb3 28.Rd1 Qxf2+ 29.Kxf2 Ne5
30.Rd5 Nxc4 31.Rd8+ Kh7 32.Rd7 Ne5 33.Rxc7 b6 34.Bf1 Rb4 35.Bb5 Rxe4 36.Rb7 Rf4+
37.Ke3 Rh4 38.Kf2 Rh6 39.Ke3 Rd6 40.Ke4 f6 41.Kf5 Nf3 42.Bd3 Kh6 43.Kf4 Ng5
44.h4 Ne6+ 45.Kg4 g6 46.Bb5 Nc5 47.Rf7 Nxa4  0-1

[Event "XLV Mislata GM"]
[Site "Mislata ESP"]
[Date "2011.08.18"]
[Round "5"]
[White "Perez Manas,B"]
[Black "Garcia Molla,V"]
[Result "0-1"]
[WhiteElo "2298"]
[BlackElo "2304"]

1.Nf3 e6 2.d4 Nf6 3.c4 Bb4+ 4.Bd2 a5 5.Qc2 d6 6.e3 Nc6 7.Nc3 e5 8.a3 Bxc3
9.Bxc3 Qe7 10.d5 Nb8 11.b4 axb4 12.axb4 Rxa1+ 13.Bxa1 O-O 14.h3 c6 15.dxc6 Nxc6
16.b5 Nd8 17.Be2 b6 18.O-O Ne6 19.Bc3 Bb7 20.Ra1 Ne4 21.Bb4 N4c5 22.Ra7 f5
23.Qd2 Rf7 24.Ra1 f4 25.Rd1 e4 26.Ne1 f3 27.Bf1 fxg2 28.Bxg2 Qh4 29.Bxc5 dxc5
30.Qd6 Qxf2+ 31.Kh1 Nf8 32.Qxb6 Qxe3 33.Qa5 Qe2 34.Rd8 e3  0-1

[Event "10th Lichtenberger Sommer"]
[Site "Berlin GER"]
[Date "2011.08.19"]
[Round "7.36"]
[White "Schulz,Har"]
[Black "Kabitzke,J"]
[Result "1/2-1/2"]
[WhiteElo "2098"]
[BlackElo "1852"]

1.d4 Nf6 2.c4 e6 3.Nf3 Bb4+ 4.Bd2 Qe7 5.e3 O-O 6.Bxb4 Qxb4+ 7.Qd2 Qxd2+ 8.Nfxd2 d6
9.Nc3 b6 10.Be2 Bb7 11.O-O Nbd7 12.Bf3 Bxf3 13.Nxf3 a6 14.Rfd1  1/2-1/2

[Event "PK NBSB Open A"]
[Site "Roosendaal NED"]
[Date "2011.08.19"]
[Round "1"]
[White "Tolhuizen,L"]
[Black "Klein Douwel,John"]
[Result "1-0"]
[WhiteElo "2180"]
[BlackElo "1934"]

1.d4 Nf6 2.Nf3 e6 3.c4 Bb4+ 4.Bd2 Qe7 5.g3 O-O 6.Bg2 a5 7.O-O Bxd2 8.Qxd2 Ne4
9.Qc2 f5 10.Nc3 Nxc3 11.Qxc3 d6 12.Rfe1 d5 13.b3 c6 14.a3 Nd7 15.b4 axb4
16.axb4 Rxa1 17.Rxa1 h6 18.e3 Kh7 19.b5 dxc4 20.bxc6 bxc6 21.Qxc4 Qd6 22.Ra5 Bb7
23.Ne5 Nxe5 24.Rxe5 Ra8 25.h4 Ra1+ 26.Kh2 Bc8 27.Qxc6 Qxc6 28.Bxc6 Ra2 29.Kg2 Ra6
30.Bf3 Kg6 31.g4 fxg4 32.Bxg4 Kf6 33.Kg3 Bb7 34.f4 Rd6 35.f5 exf5 36.Rxf5+ Ke7
37.Re5+ Kf7 38.h5 g6 39.hxg6+ Kxg6 40.Kf4 Rf6+ 41.Rf5 Re6 42.Bh5+  1-0

[Event "26th Schwarzacher Open"]
[Site "Schwarzach AUT"]
[Date "2011.08.20"]
[Round "1"]
[White "Wersching,A"]
[Black "Medancic,R"]
[Result "1/2-1/2"]
[WhiteElo "2049"]
[BlackElo "2275"]

1.d4 Nf6 2.c4 e6 3.Nf3 Bb4+ 4.Bd2 c5 5.Bxb4 cxb4 6.Nbd2 d5 7.e3 O-O 8.Bd3 Nc6
9.O-O Qe7 10.Ne5 Nxe5 11.dxe5 Nd7 12.Rc1 h6 13.f4 b6 14.cxd5 exd5 15.Qf3 Nc5
16.Bc2 Ba6 17.Rfd1 Rad8 18.Nb3 f6 19.Nd4 Qf7 20.e6 Nxe6 21.Bg6 Qd7  1/2-1/2

[Event "26th Schwarzacher Open"]
[Site "Schwarzach AUT"]
[Date "2011.08.20"]
[Round "1"]
[White "Friedrich,G"]
[Black "Neulinger,M"]
[Result "0-1"]
[WhiteElo "2015"]
[BlackElo "2246"]

1.d4 Nf6 2.c4 e6 3.Nf3 Bb4+ 4.Bd2 a5 5.e3 O-O 6.a3 Bxd2+ 7.Nbxd2 Nc6 8.Bd3 d6
9.O-O h6 10.Ne4 Nxe4 11.Bxe4 f5 12.Bc2 Qf6 13.Qd2 e5 14.dxe5 dxe5 15.Ba4 e4
16.Bxc6 bxc6 17.Nd4 Rd8 18.Qc2 c5 19.Ne2 Rb8 20.Nc3 Be6 21.Na4 Bf7 22.Rfd1 Qc6
23.b3 Bh5 24.Rxd8+ Rxd8 25.h3 Rd3 26.Nb2 Qf6 27.Rc1 Rd6 28.Na4 Qg5 29.Kh2 Rg6
30.g3 Qe7 31.Qc3 Ra6 32.Qd2 Bf3 33.Qd5+ Kh8 34.Qxf5 Rf6 35.Qxc5 Qd7 36.Qxa5 Rf5
37.Qa8+ Kh7 38.g4 Rg5 39.Rg1 Qd6+ 40.Rg3 Qd1 41.Rg1 Qd2 42.Rg2 Qe2 43.Nc3 Qf1
44.Qxe4+ Bxe4 45.Nxe4 Ra5  0-1

[Event "Stockholm Open"]
[Site "Stockholm SWE"]
[Date "2011.08.20"]
[Round "8"]
[White "Hammarstrom,U"]
[Black "Duenas,A"]
[Result "1-0"]
[WhiteElo "2176"]
[BlackElo "1919"]

1.d4 Nf6 2.Nf3 e6 3.c4 Bb4+ 4.Bd2 Qe7 5.g3 Nc6 6.Nc3 Bxc3 7.Bxc3 Ne4 8.Rc1 O-O
9.Bg2 a5 10.a3 a4 11.O-O d6 12.d5 Na5 13.Qxa4 Bd7 14.Qc2 Nxc3 15.Qxc3 b6
16.b4 Nb7 17.dxe6 fxe6 18.Nd4 Rab8 19.Bxb7 Rxb7 20.c5 bxc5 21.bxc5 dxc5 22.Qxc5 Qxc5
23.Rxc5 Ra8 24.Rfc1 Raa7 25.f4 h6 26.Kf2 Kf7 27.R1c3 Ke7 28.Re3 Kf6 29.Nxe6 Bxe6
30.Rc6 Kf7 31.Rcxe6 c5 32.Rc6 Ra5 33.Rc3 Rba7 34.R6xc5 Rxc5 35.Rxc5 Rxa3
36.h4 Rb3 37.h5 Ra3 38.e3 Rb3 39.Kf3 Ra3 40.g4 Rb3 41.Rc7+ Kf6 42.Rc6+ Kf7
43.g5 hxg5 44.fxg5 Rb4 45.e4 Rb3+ 46.Kf4 Rh3 47.Kg4 Re3 48.Kf5 Rf3+ 49.Ke5 Rh3
50.Rc7+ Ke8 51.Rxg7 Rxh5 52.Kf6 Rh1 53.Rg8+ Kd7 54.Ra8 Rf1+ 55.Kg7 Ke7 56.g6 Rf4
57.e5 Rf1 58.Kh7 Rh1+ 59.Kg8 Rf1 60.Ra6 Rg1 61.g7 Rh1 62.e6 Rh2 63.Ra7+ Ke8
64.e7 Rh1 65.Ra8+ Kxe7 66.Ra4 Ke8 67.Re4+ Kd7 68.Kf7 Rf1+ 69.Kg6 Rg1+ 70.Kf6 Kd8
71.Re5  1-0

[Event "26th Universiade Women"]
[Site "Shenzhen CHN"]
[Date "2011.08.21"]
[Round "9"]
[White "Huang Qian"]
[Black "Kalinina,O"]
[Result "1-0"]
[WhiteElo "2404"]
[BlackElo "2222"]

1.Nf3 Nf6 2.d4 e6 3.c4 Bb4+ 4.Bd2 Qe7 5.g3 O-O 6.Bg2 Bxd2+ 7.Nbxd2 d6 8.O-O e5
9.e4 a5 10.h3 Nc6 11.d5 Nb4 12.a3 Na6 13.b4 Bd7 14.Qb3 Ne8 15.Rfe1 b6 16.Rac1 g6
17.Qc3 f5 18.exf5 gxf5 19.c5 bxc5 20.bxc5 Nf6 21.Nxe5 dxe5 22.Rxe5 Qg7 23.c6 Be8
24.Rxf5 Bg6 25.Re5 Ne8 26.Ree1 Qxc3 27.Rxc3 Nd6 28.Nc4 Nxc4 29.Rxc4 Rae8
30.Rxe8 Rxe8 31.Ra4 Re1+ 32.Kh2 Nc5 33.Rxa5 Ne4 34.Ra8+ Kf7 35.Ra7 Rd1 36.Rxc7+ Ke8
37.Rg7 Nf6 38.d6 Rxd6 39.c7 Bf5 40.Bb7 Rd2 41.g4 Be6 42.c8=Q+ Bxc8 43.Bxc8 Rxf2+
44.Kg3 Ra2 45.Ra7 Kf8 46.Bf5 Ra1 47.g5 Rg1+ 48.Kh4 Rf1 49.Bxh7 Nxh7 50.Rxh7 Rf4+
51.Kh5 Ra4 52.Kh6 Rxa3 53.Rh8+ Ke7 54.h4 Rg3 55.Kg7 Ra3 56.g6 Ra7 57.Rb8 Ke6+
58.Kh6 Ra4 59.g7  1-0

[Event "Trade Fair Open A"]
[Site "Brno CZE"]
[Date "2011.08.25"]
[Round "6"]
[White "Bernasek,J"]
[Black "Kuchynka,Luk"]
[Result "1-0"]
[WhiteElo "2469"]
[BlackElo "2339"]

1.d4 Nf6 2.c4 e6 3.Nf3 Bb4+ 4.Bd2 Qe7 5.Nc3 O-O 6.Qc2 Nc6 7.a3 Bxc3 8.Bxc3 d6
9.e3 a5 10.b3 e5 11.d5 Nb8 12.Be2 c6 13.dxc6 Nxc6 14.O-O h6 15.Rfd1 Be6 16.e4 Rfc8
17.a4 Nd7 18.Nd2 Nc5 19.Nb1 Nb4 20.Bxb4 axb4 21.Nd2 Qc7 22.Nf1 Qc6 23.Bf3 Qb6
24.Rab1 Rc6 25.Ne3 g6 26.Qd2 Kg7 27.h4 Rd8 28.Nc2 Na6 29.h5 Rc7 30.g3 g5
31.Qe2 Nb8 32.Rd3 Nc6 33.Rbd1 Qc5 34.Bg4 Re7 35.R1d2 Red7 36.Kg2 Kf8 37.Qf3 Ke7
38.Ne3 Nd4 39.Rxd4 Bxg4 40.Nxg4 exd4 41.Qf6+ Ke8 42.Qxh6  1-0

[Event "Brasschaat Open"]
[Site "Brasschaat BEL"]
[Date "2011.08.27"]
[Round "8.1"]
[White "Duhayon,Y"]
[Black "Dgebuadze,A"]
[Result "0-1"]
[WhiteElo "2239"]
[BlackElo "2522"]

1.d4 e6 2.Nf3 Nf6 3.c4 Bb4+ 4.Bd2 Qe7 5.g3 Nc6 6.Nc3 O-O 7.Bg2 Bxc3 8.Bxc3 Ne4
9.Rc1 d6 10.O-O Nxc3 11.Rxc3 e5 12.d5 Nd8 13.e4 Bg4 14.Qc2 Bxf3 15.Bxf3 b6
16.b4 a5 17.a3 Nb7 18.Qb2 Ra7 19.Rcc1 Qd7 20.Rfe1 g6 21.Ra1 f5 22.exf5 gxf5
23.Bg2 Qg7 24.f4 e4 25.Qxg7+ Kxg7 26.g4 fxg4 27.Kf2 Rxf4+ 28.Kg3 Rf7 29.Bxe4 h5
30.Kh4 axb4 31.axb4 Rxa1 32.Rxa1 Rf4 33.Ra7 Rxe4 34.Rxb7 Kg6  0-1

[Event "10th Sunny Beach Open"]
[Site "Sunny Beach BUL"]
[Date "2011.08.27"]
[Round "1.47"]
[White "Andreev,Sa"]
[Black "Genchev,Evgeni"]
[Result "1-0"]
[WhiteElo "2255"]
[BlackElo "1856"]

1.d4 Nf6 2.Nf3 e6 3.c4 Bb4+ 4.Bd2 Qe7 5.g3 O-O 6.Bg2 Nc6 7.O-O b6 8.Bc1 a5
9.a3 Bd6 10.Nc3 Ba6 11.Qa4 Rab8 12.Nb5 Bxb5 13.cxb5 Nd8 14.Nd2 e5 15.dxe5 Bxe5
16.Nc4 Ne8 17.Rd1 Bf6 18.Qc2 Ne6 19.Ne3 Nd4 20.Qd3 c6 21.Kf1 Nc7 22.Ng4 Ndxb5
23.a4 Na7 24.Bf4 d5 25.Nxf6+ gxf6 26.e4 Rbd8 27.Bxc7 Qxc7 28.exd5 cxd5 29.Rac1 Qd7
30.Qd4 Qe6 31.Bxd5 Rxd5 32.Qxd5 Qh3+ 33.Qg2 Qg4 34.h3 Qxa4 35.Qb7 Nc8 36.Rd7 Qb5+
37.Kg1 Na7 38.Qxa7 Qxb2 39.Rcd1 Kg7 40.R7d6  1-0

[Event "Trade Fair Open A"]
[Site "Brno CZE"]
[Date "2011.08.28"]
[Round "9"]
[White "Sikora,L"]
[Black "Petruska,M"]
[Result "1/2-1/2"]
[WhiteElo "1931"]
[BlackElo "1974"]

1.d4 Nf6 2.c4 e6 3.Nf3 Bb4+ 4.Bd2 Qe7 5.e3 O-O 6.a3 Bxd2+ 7.Nbxd2 c5 8.dxc5 Qxc5
9.b4 Qc7 10.Be2 b6 11.O-O Bb7 12.Rc1 d6 13.Nb3 Nbd7 14.Qd4 e5 15.Qh4 Qc6
16.b5 Qc7 17.Nfd2 Nc5 18.f3 Rae8 19.e4 Nfd7 20.g4 Ne6 21.Qf2 Nf4 22.Qe3 h5
23.gxh5 Qd8 24.Kh1 Re6 25.Nb1 Rh6 26.Rc2 Rxh5 27.Bd1 g6 28.Nc3 Kg7 29.Nd5 Rh4
30.a4 Rfh8 31.Rff2 R8h5 32.Nxf4 Rxf4 33.Qd3 Nf6 34.Kg1 Rh3 35.Qf1 Qh8 36.Rcd2 Ne8
37.a5 Rh5 38.Ra2 Bc8 39.axb6 axb6 40.Ra8 Bh3 41.Qe2 Rg5+ 42.Kh1 Kf8 43.c5 dxc5
44.Nxc5 Qf6 45.Nd3 Rh4 46.Qc2 Qd6 47.Qc6 Qxc6 48.bxc6 Ke7 49.f4 exf4 50.Nxf4 Rxf4
51.Rxf4 Bg2+ 52.Kg1 Bf3+ 53.Kf2 Bxd1 54.Ra7+ Kd6 55.Rd7+ Kxc6 56.Rxd1 f5
57.e5 Rh5 58.h4 b5 59.Rd8 Nc7 60.Rfd4 Kc5 61.R4d6 Rxh4 62.Rc8 Rh7 63.Rxg6 Kd5
64.Rb6 Kxe5 65.Rb7 Kd6 66.Rcxc7 Rxc7 67.Rxb5 Ke6 68.Ke3 Rc4 69.Rb6+ Ke5 70.Rb5+ Kf6
71.Kf3 Kg5 72.Rb3 Rh4 73.Kg3 f4+ 74.Kg2 Rg4+ 75.Kh3 Rg1 76.Rb5+ Kf6 77.Rb4 Ke5
78.Rb5+ Kd4 79.Rb4+ Ke3 80.Rb3+  1/2-1/2

[Event "4th Jessie Gilbert Open"]
[Site "Coulsdon ENG"]
[Date "2011.08.28"]
[Round "9"]
[White "Arkell,K"]
[Black "Madan,A"]
[Result "1-0"]
[WhiteElo "2432"]
[BlackElo "2326"]

1.d4 Nf6 2.Nf3 e6 3.c4 Bb4+ 4.Bd2 Qe7 5.g3 Nc6 6.Nc3 Bxc3 7.Bxc3 Ne4 8.Rc1 d6
9.d5 Nxc3 10.Rxc3 Nb8 11.dxe6 fxe6 12.Bg2 O-O 13.O-O Nc6 14.Nd4 Bd7 15.Qd2 e5
16.Nc2 Nd8 17.c5 dxc5 18.Qd5+ Qe6 19.Rxc5 c6 20.Qxe6+ Bxe6 21.a4 Nf7 22.Nb4 Rfe8
23.Nd3 Bf5 24.e4 Bg4 25.f3 Rad8 26.Rc3 Bc8 27.Kf2 b6 28.Ke3 Ba6 29.Ra1 c5
30.Bf1 Nd6 31.b3 Nb7 32.b4 Bxd3 33.Bxd3 cxb4 34.Rc7 Na5 35.Rxa7 Rc8 36.Rd7 Rc3
37.Rb1 Nb3 38.Ke2 Rec8 39.Rd6 Nd4+ 40.Rxd4 exd4 41.Rxb4 Rd8 42.f4 Ra3 43.e5 g6
44.h4 Kg7 45.h5 g5 46.Rxb6 g4 47.Rb7+ Kg8 48.Bc4+ Kf8 49.Rf7+ Ke8 50.e6 Re3+
51.Kd2 Rd6 52.f5 Kd8 53.f6  1-0

[Event "TCh-SRB Premier Men"]
[Site "Valjevo SRB"]
[Date "2011.08.28"]
[Round "2.2"]
[White "Tosic,M"]
[Black "Lajthajm,B"]
[Result "1/2-1/2"]
[WhiteElo "2402"]
[BlackElo "2481"]

1.d4 Nf6 2.c4 e6 3.Nf3 Bb4+ 4.Bd2 Qe7 5.Nc3 b6 6.g3 Bb7 7.Bg2 O-O 8.O-O Bxc3
9.Bxc3 Ne4 10.Rc1 Nxc3 11.Rxc3 d6 12.Qc2 Nd7 13.Ne1 Bxg2 14.Nxg2 a5 15.b3  1/2-1/2

[Event "18th Graz Open"]
[Site "Graz AUT"]
[Date "2011.08.29"]
[Round "3"]
[White "Kozul,Z"]
[Black "Krumpacnik,D"]
[Result "1-0"]
[WhiteElo "2541"]
[BlackElo "2360"]

1.d4 Nf6 2.Nf3 e6 3.c4 Bb4+ 4.Bd2 Qe7 5.g3 O-O 6.Bg2 Bxd2+ 7.Qxd2 d6 8.Nc3 c6
9.e4 e5 10.O-O Re8 11.h3 a5 12.Rad1 Na6 13.Rfe1 Qc7 14.b3 Be6 15.Re3 h6 16.Qb2 Rad8
17.Red3 Rb8 18.R3d2 b6 19.Rc1 Rbc8 20.Kh2 b5 21.d5 b4 22.Ne2 Bd7 23.Ne1 cxd5
24.exd5 Bf5 25.f4 exf4 26.Nxf4 Nc5 27.Nf3 Nfe4 28.Nd4 Qd7 29.Bxe4 Rxe4 30.Rf1 Bh7
31.Nc6 Rce8 32.Nxa5 Rxf4 33.Rxf4 Nd3 34.Qd4 Nxf4 35.Qxf4 Re1 36.Nc6 Qe8 37.g4 g5
38.Qf3 Be4 39.Qf6 Bg6 40.Qd8 Qxd8 41.Nxd8 f5 42.Nb7 f4 43.Nxd6 f3 44.Rf2 Re2
45.Kg3  1-0

[Event "10th Sunny Beach Open"]
[Site "Sunny Beach BUL"]
[Date "2011.08.29"]
[Round "3.68"]
[White "Vasileva,C"]
[Black "Lao,L"]
[Result "0-1"]
[WhiteElo "1493"]
[BlackElo "1882"]

1.d4 Nf6 2.c4 e6 3.Nf3 Bb4+ 4.Bd2 c5 5.Nc3 cxd4 6.Nxd4 a6 7.e3 O-O 8.Bd3 d5
9.cxd5 exd5 10.O-O Nc6 11.Nc2 Bd6 12.f4 Re8 13.Be1 Bg4 14.Qd2 Nb4 15.Nxb4 Bxb4
16.Bf2 Ne4 17.Bxe4 dxe4 18.Qxd8 Raxd8 19.h3 Bxc3 20.bxc3 Be2 21.Rfc1 b5 22.a4 Rd2
23.axb5 axb5 24.Be1 Rb2 25.Ra7 Bc4 26.Rd1 h5 27.Bh4 Re2 28.Bf2 Bd3 29.Rda1 Re6
30.Rc7 Bc4 31.Ra8+ Kh7 32.Rxf7 Rd6 33.Rff8 Rd1+ 34.Kh2 Rxf2 35.f5 Rxf5 36.Rxf5 Rd3
37.Rxh5+ Kg6 38.Re5 Rxe3 39.Ra6+ Kh7 40.Rh5+ Kg8 41.Ra8+ Kf7 42.Rc5 Rxc3
43.Rc7+ Kg6 44.Raa7 e3 45.Rxg7+ Kh6 46.Rh7+ Kg6 47.Rhc7 e2 48.Rc6+ Kf5 49.Re7 Rc1
50.g4+ Kf4 51.Rf6+ Kg5 52.Rf5+ Kg6 53.h4 e1=Q 54.h5+ Kh6 55.Rf6+ Kg5 56.Rf5+ Kxg4
57.Rxe1 Rxe1 58.Rc5 Re2+ 59.Kg1 Re6 60.Kf2 Rh6 61.Ke3 Rxh5 62.Rxh5 Kxh5 63.Kd4 Kg4  0-1

[Event "TCh-SRB Premier Men"]
[Site "Valjevo SRB"]
[Date "2011.08.29"]
[Round "3.6"]
[White "Bodiroga,P"]
[Black "Benkovic,P"]
[Result "1-0"]
[WhiteElo "2395"]
[BlackElo "2423"]

1.d4 Nf6 2.c4 e6 3.Nf3 Bb4+ 4.Bd2 Qe7 5.g3 Bxd2+ 6.Qxd2 O-O 7.Bg2 d6 8.Nc3 c6
9.O-O e5 10.e4 Re8 11.d5 a5 12.Ne1 Na6 13.Nd3 Nd7 14.f4 Nb6 15.b3 f6 16.h4 exf4
17.gxf4 cxd5 18.cxd5 Bd7 19.Rae1 Kh8 20.e5 fxe5 21.fxe5 dxe5 22.Nxe5 Qc5+
23.Kh1 Rf8 24.Ne4 Qb4 25.Qg5 Rxf1+ 26.Rxf1 Rf8 27.Nf7+  1-0

[Event "18th Graz Open"]
[Site "Graz AUT"]
[Date "2011.08.30"]
[Round "4"]
[White "Farago,I"]
[Black "Tratar,M"]
[Result "1-0"]
[WhiteElo "2485"]
[BlackElo "2491"]

1.d4 Nf6 2.c4 e6 3.Nf3 Bb4+ 4.Bd2 a5 5.g3 d5 6.Qc2 c5 7.cxd5 cxd4 8.Nxd4 O-O
9.Bg2 Qb6 10.e3 Nxd5 11.O-O Bc5 12.Nb3 Be7 13.Nc3 Nb4 14.Na4 Qb5 15.Qc7 N8c6
16.Nc3 Qe5 17.Qxe5 Nxe5 18.Na4 Nc4 19.Rfc1 Nxd2 20.Nxd2 Nd3 21.Rc3 Rd8 22.Nb6 Rb8
23.Ndc4 Bf6 24.Rd1 Bxc3 25.bxc3 e5 26.Be4 Bg4 27.Rxd3 Be2 28.Rxd8+ Rxd8 29.Nxe5 f6
30.Ned7  1-0